000 00515nam a2200217Ia 4500
003 OSt
005 20220928145921.0
006 a|||||r|||| 00| 0
007 ta
008 220927b |||||||| |||| 00| 0 eng d
024 _a85576
037 _cTextual
040 _aSDCL
_cSDCL
_beng
041 _2eng
_aeng
082 _aO:g, K7
100 _aRay Vikramaditya
_9416468
245 0 _aKavya-Samiksha
260 _c1967
942 _hO:g, K7
_cTEXL
_2CC
999 _c837816
_d837816